[Event "RLP Seniors op 17th"]
[Site "Neustadt an der Weinstrasse"]
[Date "2019.07.27"]
[Round "8"]
[White "Wick, Dieter"]
[Black "Humm, Peter"]
[Result "1-0"]
[WhiteElo "1544"]
[BlackElo "1610"]
[PlyCount "113"]
[EventDate "2019.07.20"]
[EventType "swiss"]
[EventRounds "9"]
[EventCountry "GER"]
[SourceTitle "CBM 192 Extra"]
[Source "Chessbase"]
[SourceDate "2019.11.06"]
[SourceVersion "1"]
[SourceVersionDate "2019.11.06"]
[SourceQuality "1"]

1. b4 b5 2. Bb2 Bb7 3. a4 a6 4. Nf3 e6 5. g3 Nf6 6. Bg2 Bxb4 7. 0-0 0-0 8. d3 d6 9. e4 Nbd7 10. Nbd2 c5 11. c3 Ba5 12. axb5 axb5 13. Nb3 Bb6 14. Qc2 Qc7 15. Rae1 Ra2 16. h3 c4 17. Nc1 Ra7 18. Nh2 d5 19. exd5 Bxd5 20. Nf3 Bxf3 21. Bxf3 Qxg3+ 22. Bg2 Nh5 23. Kh1 Qg5 24. dxc4 bxc4 25. Re4 Nf4 26. Rg1 Rc8 27. Bf3 Qf5 28. Bg4 Qf6 29. Qd2 Nd5 30. Kg2 Ne5 31. Rf1 Nxg4 32. Rxg4 g6 33. f4 Qf5 34. Kg3 Rd8 35. Qe2 Ne7 36. Qxc4 Rd2 37. Rg5 Qf6 38. Qb3 Nf5+ 39. Rxf5 Qd8 40. Rb5 Bc7 41. c4 f6 42. Rf3 Rd1 43. Qe3 Ra6 44. Nd3 g5 45. Kg2 Rd6 46. Nf2 R1d2 47. Kf1 f5 48. Rg3 g4 49. hxg4 Bb6 50. c5 Rd1+ 51. Nxd1 Rxd1+ 52. Kg2 Qd5+ 53. Qf3 Rd2+ 54. Kh3 Rh2+ 55. Kxh2 Bc7 56. Qxd5 exd5 57. gxf5+ 1-0

[Event "RLP Seniors op 17th"]
[Site "Neustadt an der Weinstrasse"]
[Date "2019.07.25"]
[Round "6"]
[White "Wulf, Adalbert"]
[Black "Humm, Peter"]
[Result "1/2-1/2"]
[WhiteElo "1858"]
[BlackElo "1610"]
[PlyCount "54"]
[EventDate "2019.07.20"]
[EventType "swiss"]
[EventRounds "9"]
[EventCountry "GER"]
[SourceTitle "CBM 192 Extra"]
[Source "Chessbase"]
[SourceDate "2019.11.06"]
[SourceVersion "1"]
[SourceVersionDate "2019.11.06"]
[SourceQuality "1"]

1. d3 d5 2. c3 c5 3. Qc2 Nc6 4. e4 d4 5. Nf3 e5 6. Be2 Bd6 7. Bg5 Nf6 8. Nbd2 h6 9. Bh4 Be6 10. Bg3 a6 11. cxd4 cxd4 12. a3 Nh5 13. Nxe5 Nxg3 14. Nxc6 Qc7 15. hxg3 bxc6 16. 0-0 0-0 17. f4 f5 18. e5 Be7 19. Bf3 Rac8 20. Rac1 Bd7 21. b4 g5 22. Qc4+ Kg7 23. Qxd4 g4 24. Be2 Be6 25. Qb2 Qb7 26. Rfe1 c5 27. Rb1 Rb8 1/2-1/2

[Event "RLP Seniors op 17th"]
[Site "Neustadt an der Weinstrasse"]
[Date "2019.07.24"]
[Round "5"]
[White "Humm, Peter"]
[Black "Zens, Rolf"]
[Result "0-1"]
[WhiteElo "1610"]
[BlackElo "1879"]
[PlyCount "98"]
[EventDate "2019.07.20"]
[EventType "swiss"]
[EventRounds "9"]
[EventCountry "GER"]
[SourceTitle "CBM 192 Extra"]
[Source "Chessbase"]
[SourceDate "2019.11.06"]
[SourceVersion "1"]
[SourceVersionDate "2019.11.06"]
[SourceQuality "1"]

1. b4 d5 2. Bb2 e6 3. Nf3 Nf6 4. a3 Nbd7 5. e3 Bd6 6. c4 dxc4 7. Bxc4 b6 8. d3 0-0 9. Nbd2 Bb7 10. Rc1 a6 11. 0-0 b5 12. Bb3 Re8 13. Re1 h6 14. e4 e5 15. Nh4 Bf8 16. Ng6 Rc8 17. Nf3 c5 18. Nxf8 Kxf8 19. bxc5 Nxc5 20. Nxe5 Nxb3 21. Qxb3 Qe7 22. Bc3 Rxc3 23. Rxc3 Qxe5 24. Qb4+ Kg8 25. Rec1 Nd5 26. Qc5 Nxc3 27. Rxc3 Qxc5 28. Rxc5 Rd8 29. Rc3 Bxe4 30. f3 Bxd3 31. Rc6 a5 32. Rb6 a4 33. g4 Bc4 34. Kg2 Kh7 35. h4 Rd3 36. g5 hxg5 37. hxg5 Rxa3 38. f4 Re3 39. f5 Re5 40. g6+ fxg6 41. fxg6+ Kh6 42. Kh3 Rg5 43. Kh4 Rxg6 44. Rb8 Re6 45. Kg4 Kg6 46. Kh4 a3 47. Ra8 a2 48. Ra5 Kf5 49. Kg3 Re1 0-1

[Event "Rheinland Pfalz op Seniors 16th"]
[Site "Neustadt an der Weinstrasse"]
[Date "2018.07.12"]
[Round "6"]
[White "Humm, Peter"]
[Black "Teutsch, Michael"]
[Result "0-1"]
[WhiteElo "1622"]
[BlackElo "1673"]
[PlyCount "74"]
[EventDate "2018.07.07"]
[EventType "swiss"]
[EventRounds "9"]
[EventCountry "GER"]
[SourceTitle "EXT 2019"]
[Source "ChessBase"]
[SourceDate "2018.10.10"]
[SourceVersion "1"]
[SourceVersionDate "2018.10.10"]
[SourceQuality "1"]

1. c4 Nf6 2. Nc3 e6 3. e4 e5 4. Nf3 d6 5. d3 Nc6 6. Be3 Be7 7. Be2 a6 8. d4 exd4 9. Nxd4 Bd7 10. 0-0 0-0 11. Nd5 Nxe4 12. Bd3 Nf6 13. Nxe7+ Nxe7 14. Qc2 h6 15. h3 Nc6 16. a3 Nxd4 17. Bxd4 Bc6 18. Rae1 Re8 19. Re3 Rxe3 20. fxe3 Qe7 21. Qf2 Nd7 22. h4 Rf8 23. Qg3 Ne5 24. Rf5 f6 25. Rxe5 fxe5 26. Qg6 Qf6 27. Qh7+ Kf7 28. Bc3 Ke7 29. Be1 Kd8 30. h5 Qg5 31. e4 Qe3+ 32. Kh2 Qxe1 33. Qxg7 Qh4+ 34. Kg1 Qf6 35. Qg3 Qg5 36. Qxg5+ hxg5 37. Be2 Bxe4 0-1

[Event "Rheinland Pfalz op Seniors 16th"]
[Site "Neustadt an der Weinstrasse"]
[Date "2018.07.11"]
[Round "5"]
[White "Walther, Renate"]
[Black "Humm, Peter"]
[Result "0-1"]
[WhiteElo "1123"]
[BlackElo "1622"]
[PlyCount "54"]
[EventDate "2018.07.07"]
[EventType "swiss"]
[EventRounds "9"]
[EventCountry "GER"]
[SourceTitle "EXT 2019"]
[Source "ChessBase"]
[SourceDate "2018.10.10"]
[SourceVersion "1"]
[SourceVersionDate "2018.10.10"]
[SourceQuality "1"]

1. e4 e5 2. d4 exd4 3. Qxd4 Nc6 4. Qe3 Be7 5. Nc3 d6 6. Bd2 Nf6 7. Be2 0-0 8. h4 Bg4 9. 0-0-0 Ne5 10. f4 Bxe2 11. Qxe2 Nc6 12. Be3 Qc8 13. f5 Ne5 14. Bg5 c6 15. Nf3 Rd8 16. Nxe5 dxe5 17. Rd3 Rxd3 18. Qxd3 Qc7 19. Qe2 Rd8 20. g4 b5 21. Be3 b4 22. Na4 Nxe4 23. Qf3 Nf6 24. h5 Nd5 25. Qe2 Nxe3 26. Qxe3 h6 27. Nc5 Bg5 0-1

[Event "Pfalz op-B 9th"]
[Site "Neustadt an der Weinstrasse"]
[Date "2018.02.09"]
[Round "1"]
[White "Leser, Stefan"]
[Black "Humm, Peter"]
[Result "1-0"]
[WhiteElo "1864"]
[BlackElo "1673"]
[PlyCount "51"]
[EventDate "2018.02.09"]
[EventType "swiss"]
[EventRounds "7"]
[EventCountry "GER"]
[SourceTitle "CBM 182 Extra"]
[Source "ChessBase"]
[SourceDate "2018.02.23"]
[SourceVersion "1"]
[SourceVersionDate "2018.02.23"]
[SourceQuality "1"]

1. e4 c5 2. Nf3 e6 3. d4 cxd4 4. Nxd4 Nf6 5. Nc3 d6 6. Be3 Be7 7. f3 a6 8. Qd2 Qc7 9. g4 h6 10. h4 Nc6 11. Bh3 d5 12. 0-0-0 Bd7 13. g5 hxg5 14. hxg5 Ng8 15. exd5 Nxd4 16. Bxd4 Qg3 17. Ne4 Qxf3 18. Bg2 Rxh1 19. Bxf3 Rh3 20. Qg2 exd5 21. Nc5 Bxc5 22. Bxc5 Ne7 23. Re1 Be6 24. Bxd5 Nxd5 25. Qxd5 Rd8 26. Rxe6+ 1-0

[Event "Rheinland Pfalz op Seniors 15th"]
[Site "Neustadt an der Weinstrasse"]
[Date "2017.07.23"]
[Round "9"]
[White "Schwenke, Norbert"]
[Black "Humm, Peter"]
[Result "0-1"]
[WhiteElo "1542"]
[BlackElo "1467"]
[PlyCount "58"]
[EventDate "2017.07.15"]
[EventType "swiss"]
[EventRounds "9"]
[EventCountry "GER"]
[SourceTitle "EXT 2018"]
[Source "ChessBase"]
[SourceDate "2017.10.13"]
[SourceVersion "1"]
[SourceVersionDate "2017.10.13"]
[SourceQuality "1"]

1. f4 d5 2. e3 Nf6 3. b3 Bf5 4. Bb2 e6 5. Nf3 Nbd7 6. Nc3 h6 7. Ne2 Be7 8. Ng3 Bh7 9. c4 0-0 10. Rc1 c6 11. Be2 Ne4 12. Nf1 Bf6 13. cxd5 exd5 14. Bd3 Re8 15. Bb1 Rc8 16. Qc2 Nf8 17. d3 Nd6 18. Ng3 Rxe3+ 19. Kf2 Rxd3 20. Bxf6 Qxf6 21. Qe2 Rc3 22. Nh5 Rxf3+ 23. Qxf3 Qb2+ 24. Qe2 Qxe2+ 25. Kxe2 Re8+ 26. Kd1 Bxb1 27. Rxb1 Ne4 28. Rb2 Nd7 29. Rf2 Nxf2+ 0-1